00572nam a2200193Ia 4500001000700000003000500007008004100012010001100053020001800064040000900082082001500091100002500106245013200131250001100263260004100274300001000315503001400325650003900339Z_4856CHAP220113s1999 xx 000 0 und d a167910 a968-18-4752-0 cCHAP a001.42 T36 aTamayo Tamayo, Mario aEl proceso de la investigación científica : incluye glosario y manual de evaluación de proyectos /cMario Tamayo Tamayo a3a ed. aMéxico :bLimusa . Noriega,c1999 a231p. aej.1: C/E aInvestigación xx Metodología